[Event "FRA-chT1 1011"]
[Site "France"]
[Date "2010.10.17"]
[Round "1.8"]
[White "Seelen, Amandine"]
[Black "Faugerolle, Nicolas"]
[Result "0-1"]
[WhiteElo "1665"]
[BlackElo "1800"]
[PlyCount "136"]
[EventDate "2010.10.17"]
[EventType "team-tourn"]
[EventRounds "11"]
[EventCountry "FRA"]
[SourceTitle "EXT 2012"]
[Source "ChessBase"]
[SourceDate "2011.11.24"]
[SourceVersion "1"]
[SourceVersionDate "2011.11.24"]
[SourceQuality "1"]

1. d4 d5 2. c4 e6 3. Nc3 Nc6 4. Nf3 Nf6 5. Bf4 Bb4 6. a3 Bxc3+ 7. bxc3 dxc4 8. e3 Nd5 9. Qc2 Nxf4 10. exf4 Qd5 11. Be2 Bd7 12. 0-0 Na5 13. Rab1 0-0 14. Rb4 b5 15. Ne5 Qd6 16. a4 a6 17. Bg4 Nc6 18. Rb2 Nxe5 19. fxe5 Qe7 20. axb5 axb5 21. f4 f5 22. exf6 Rxf6 23. Qe4 Qa3 24. Rbf2 Raf8 25. Rf3 Qd6 26. R3f2 Bc6 27. Qe3 Rh6 28. Re1 Bd5 29. Bh3 Kh8 30. Qg3 b4 31. cxb4 Qxb4 32. Rc1 Qd6 33. Qe3 Rhf6 34. g3 Rb8 35. Bg2 Rb3 36. Qd2 Rd3 37. Qb2 Bxg2 38. Kxg2 Rxd4 39. Ra1 Qc6+ 40. Kg1 Rd8 41. Rc1 Rf5 42. Qb4 Rfd5 43. Qxc4 Rd1+ 44. Rf1 Rxf1+ 45. Qxf1 Qb6+ 46. Kg2 Qb2+ 47. Kh3 Rd2 48. Rxc7 Rxh2+ 49. Kg4 h5+ 50. Kf3 Qb3+ 51. Ke4 Qd5+ 52. Ke3 Qd2+ 53. Kf3 Qd5+ 54. Ke3 Rb2 55. Qc1 Rb3+ 56. Rc3 Qc5+ 57. Kd3 Qd5+ 58. Ke3 Qc5+ 59. Kd3 Rxc3+ 60. Qxc3 Qxc3+ 61. Kxc3 g6 62. Kd4 Kg7 63. Ke4 Kf6 64. Kf3 Kf5 65. Kf2 Kg4 66. Kg2 Kf5 67. Kf3 g5 68. fxg5 Kxg5 0-1

[Event "Naujac op"]
[Site "Naujac"]
[Date "2009.07.??"]
[Round "9"]
[White "Capron, Daniel"]
[Black "Faugerolle, Nicolas"]
[Result "1/2-1/2"]
[WhiteElo "2071"]
[BlackElo "1820"]
[PlyCount "47"]
[EventDate "2009.07.??"]
[EventType "swiss"]
[EventRounds "9"]
[EventCountry "FRA"]
[SourceTitle "CBM 131 Extra"]
[Source "ChessBase"]
[SourceDate "2009.09.03"]
[SourceVersion "2"]
[SourceVersionDate "2009.09.16"]
[SourceQuality "1"]

1. e4 Nf6 2. Nc3 d6 3. d4 c6 4. f4 Bg4 5. Qd3 g6 6. Be3 d5 7. h3 dxe4 8. Nxe4 Nxe4 9. Qxe4 Qa5+ 10. c3 Bf5 11. Qe5 Qxe5 12. fxe5 Bg7 13. Ne2 0-0 14. Ng3 Be6 15. Ne4 h6 16. Nc5 Bc8 17. Bd3 b6 18. Nb3 Be6 19. 0-0 Nd7 20. Bf2 Rac8 21. Bh4 Rfe8 22. Rad1 Nf8 23. Nd2 Rc7 24. b3 1/2-1/2